Регионална библиотека "Любен Каравелов" - Русе

Какво знаем за формите и багрите в животинския свят (Запис номер 97810)

MARC детайли
000 -Лидер
Контролно поле с фиксирана дължина 01766nam a2200361 c 4500
003 - Код на организацията, давaща контролен номер
Контролно поле BLK
005 - Дата и час на последна редакция
Контролно поле 20200127152017.0
008 - Елементи от данни с фиксирана дължина
fixed length control field 180409b bul|||||r ||||||| ||bul||
010 ## - Наследен системен номер
LC control number KNG00102725000
040 ## - Източник на каталожния запис
Идентификатор на билиотеката - собственик на записа BLK
041 ## - Код за език
Код за езика на текст/звукозапис или на отделно заглавие Български
Код за езика КДБФ Български
080 ## - УДК
Текстов определител УДК Екология. Етология. Животни и окръжаваща среда. Биономия - Отношение към пространството(жилища, ареал за разпространение), аклиматизация към местата за живеене, плътност на популациите, хранене
УДК код - определител по УДК 591.5
УДК определител
УДК - код + определител 591.5
100 1# - Редна дума - Автор
Автор Йосифов, Михаил
Авторска отговорност първи автор
R(LIN) 283234
139 ## - Редно поле
Редна дума Йосифов, Михаил
Авторски знак Иос - И 84
245 10 - Сведения за заглавието
Заглавие Какво знаем за формите и багрите в животинския свят
Подзаглавни данни Науч.-худож. кн. за деца
Редно поле (дума) Михаил Йосифов.
257 ## - Страна на издаване
Страна на създаване/издаване България
260 ## - Област на издателските данни
-- София
Име на издателя, разпространителя и проч. Отечество
Година на издаване 1984
Печатница София : Балкан
380 ## - Жанр
Жанр Естествени науки. Математика
490 1# - СЕРИИ (Колекции)
Име на серия Какво знаем за ... : Научнопопул. поредица за живата и неживата природа
490 1# - СЕРИИ (Колекции)
-- Подсерия
Име на серия Сер. Биология
500 ## - Общи забележки
Забележка Офс. изд. - 40 115 тир.
650 #4 - Допълнително описание по предмет – тема
Основно описание – тема или топоним Животни - детска и юношеска литература
9 (RLIN) 259259
653 ## - Ключова дума – ненормативна
Ключова дума животни
653 ## - Ключова дума – ненормативна
Ключова дума детска литература
653 ## - Ключова дума – ненормативна
Ключова дума литература за деца
653 ## - Ключова дума – ненормативна
Ключова дума форми
653 ## - Ключова дума – ненормативна
Ключова дума окраска
852 ## - Местоположение
Форматна сигнатура Цб ІІ 6840
856 4# - Електронен адрес и достъп
Електронен формат pdf - файл
Път до файла /url/
856 4# - Електронен адрес и достъп
Електронен формат pdf - файл
Път до файла /url/
942 ## - АРТИКУЛИ
Вид на библиотечния материал Книги
Скрит в OPAC Не
Koha issues (borrowed), all copies 1
944 ## - СЪЗДАВАНЕ И РЕДАКЦИЯ на ЗАПИСА
Създаване/Редакция Създаване
Дата на регистрацията/редакция 01.01.1999
Служител, извършил регистрацията/редакцията Наталия_Медовщикова
944 ## - СЪЗДАВАНЕ И РЕДАКЦИЯ на ЗАПИСА
Създаване/Редакция Редакция
Дата на регистрацията/редакция 27.06.2016
Служител, извършил регистрацията/редакцията Нора_Радева
999 ## - СИСТЕМНИ КОНТРОЛНИ НОМЕРА
Koha biblionumber 97810
Koha biblioitemnumber 97810
Наличности
Код за отписване Код за изгубен артикул Източник на класификационната схема Код за повреда Коз за рестрикции Код за отдаване Артикулен № Име на библиотеката - собственик Име на библиотеката, в която се намира в момента Статус (Текущо местоположение) Дата на вписване в системата Местоположение - отдел Цена в лева Инвентарен номер Систематично азбучна сигнатура Баркод Номер на екземпляра Цена в евро Служебна бележка Служебен тип на артикула
Изтеглен Не е изгубен Universal Decimal Classification Не е повреден без рестрикции заемане за дома 157365 Регионална библиотека "Любен Каравелов" Русе Регионална библиотека "Любен Каравелов" Русе Детски отдел 2002-08-13 Детски отдел 4.50 120000671335 Цб II 6840 120000671335 1 2.30 Дост: Pk Вид: Ф N: 2 Дата: 01.08.2002 Дата инв: 19.08.2015 Бележки инв: Д2015 Книги
  Не е изгубен Universal Decimal Classification Не е повреден без рестрикции ползва се в читалня 157366 Регионална библиотека "Любен Каравелов" Русе Регионална библиотека "Любен Каравелов" Русе Хранилище 1985-01-01 Хранилище 1.83 444455 Цб II 6840 120000444455 2 0.94 Дост: Dp Вид: Д N: стар фонд Дата: 01.01.1985 Книги
Изтеглен Не е изгубен Universal Decimal Classification Не е повреден без рестрикции заемане за дома 157367 Регионална библиотека "Любен Каравелов" Русе Регионална библиотека "Любен Каравелов" Русе Заемна - подръчен фонд 1985-01-01 Заемна - подръчен фонд   430884 П 591/И 84 430884 3 0.00 Дост: Pk Вид: Ф N: стар фонд Дата: 01.01.1985 Книги
Изтеглен Не е изгубен Universal Decimal Classification Не е повреден без рестрикции заемане за дома 157368 Регионална библиотека "Любен Каравелов" Русе Регионална библиотека "Любен Каравелов" Русе Заемна - подръчен фонд 1985-01-01 Заемна - подръчен фонд 1.52 430885 П 591/И 84 430885 4 0.78 Дост: Pk Вид: Ф N: стар фонд Дата: 01.01.1985 Книги
Изтеглен Не е изгубен Universal Decimal Classification Не е повреден без рестрикции заемане за дома 157369 Регионална библиотека "Любен Каравелов" Русе Регионална библиотека "Любен Каравелов" Русе Детски отдел 1985-01-01 Детски отдел 1.83 571817 Д 59/И 84 571817 5 0.94 Дост: Pk Вид: Ф N: стар фонд Дата: 01.01.1985 Дата инв: 20.08.2015 Бележки инв: Д2015 Книги
Изтеглен Не е изгубен   Не е повреден без рестрикции заемане за дома 157370 Регионална библиотека "Любен Каравелов" Русе Регионална библиотека "Любен Каравелов" Русе Детски отдел 1985-01-01 Детски отдел 1.83 642521 Д 59/И 84 642521 6 0.94 Дост: Pk Вид: Ф N: стар фонд Дата: 01.01.1985 Дата инв: 20.08.2015 Бележки инв: Д2015 Книги
Vip Innovations Ltd, Rousse, Bulgaria 2025